| 000 | 00427nam a2200169Ia 4500 | ||
|---|---|---|---|
| 008 | 230524s9999 xx 000 0 und d | ||
| 020 | _a9780070249073 | ||
| 082 |
_a381.142 _bCHA |
||
| 100 | _aPrasanna Chandra | ||
| 245 | 0 | _aInvestment Analysis And Portfolio Management | |
| 250 | _a3RD | ||
| 260 |
_aNEW DELHI _bTMH _c2008 |
||
| 300 | _aXXII;731 | ||
| 500 | _aQuantity Number: 22 | ||
| 650 | _aManagement | ||
| 942 | _cBK | ||
| 999 |
_c42313 _d42313 |
||